<?xml version="1.0" encoding="UTF-8"?>
<record
    xmlns:xsi="http://www.w3.org/2001/XMLSchema-instance"
    xsi:schemaLocation="http://www.loc.gov/MARC21/slim http://www.loc.gov/standards/marcxml/schema/MARC21slim.xsd"
    xmlns="http://www.loc.gov/MARC21/slim">

  <leader>00894nam a22002297a 4500</leader>
  <controlfield tag="005">20140801152054.0</controlfield>
  <controlfield tag="008">140714b        xxu||||| |||| 00| 0 Urdu d</controlfield>
  <datafield tag="010" ind1=" " ind2=" ">
    <subfield code="a">UR-165</subfield>
  </datafield>
  <datafield tag="020" ind1=" " ind2=" ">
    <subfield code="c">600.00</subfield>
  </datafield>
  <datafield tag="035" ind1=" " ind2=" ">
    <subfield code="a">U-165</subfield>
  </datafield>
  <datafield tag="037" ind1=" " ind2=" ">
    <subfield code="b">BPPD/Publishers/Venders</subfield>
  </datafield>
  <datafield tag="040" ind1=" " ind2=" ">
    <subfield code="a">DPL</subfield>
    <subfield code="b">Urdu</subfield>
  </datafield>
  <datafield tag="082" ind1=" " ind2=" ">
    <subfield code="a">615.480</subfield>
  </datafield>
  <datafield tag="100" ind1=" " ind2=" ">
    <subfield code="a">&#x6C1;&#x627; &#x634;&#x645;&#x6CC; &#x645;&#x62D;&#x645;&#x62F; &#x635;&#x62F; &#x64A;&#x642; &#x639;&#x644;&#x6CC; &#x62D;&#x633;&#x646;&#x6CC;</subfield>
  </datafield>
  <datafield tag="245" ind1=" " ind2=" ">
    <subfield code="a">&#x645;&#x64A;&#x688; &#x64A;&#x6A9;&#x644; &#x688; &#x6A9;&#x634;&#x646;&#x631; &#x6CC;</subfield>
    <subfield code="c">&#x6C1;&#x627; &#x634;&#x645;&#x6CC; &#x645;&#x62D;&#x645;&#x62F; &#x635;&#x62F; &#x64A;&#x642; &#x639;&#x644;&#x6CC; &#x62D;&#x633;&#x646;&#x6CC;</subfield>
  </datafield>
  <datafield tag="246" ind1=" " ind2=" ">
    <subfield code="a">Medical Dictionary (English  Urdu)</subfield>
    <subfield code="b">By Mohd Sadeeq Ali Hashmi Hasni</subfield>
  </datafield>
  <datafield tag="260" ind1=" " ind2=" ">
    <subfield code="b">Idara Kitab-us- Shifa(Pub.)</subfield>
    <subfield code="b">K.K.P.( Vender)</subfield>
  </datafield>
  <datafield tag="260" ind1=" " ind2=" ">
    <subfield code="a">4806/24,Bharat Ram Road,Dariya Gunj,New Delhi-2</subfield>
  </datafield>
  <datafield tag="270" ind1=" " ind2=" ">
    <subfield code="a">2075-&#x645;&#x633;&#x62C;&#x62F;  &#x645;&#x632; &#x627; &#x631; &#x648; &#x627; &#x644;&#x6CC;&#x60C;&#x6A9;&#x648; &#x686;&#x6C1;  &#x686;&#x64A;&#x644;&#x627; &#x646; &#x60C;&#x62F; &#x631; &#x64A;&#x627; &#x6AF;&#x646;&#x62C;&#x60C;</subfield>
    <subfield code="b">&#x646;&#x626; &#x62F; &#x6BE;&#x644;&#x6CC;</subfield>
    <subfield code="e">110002</subfield>
    <subfield code="k">9312273887</subfield>
  </datafield>
  <datafield tag="300" ind1=" " ind2=" ">
    <subfield code="a">816&#x635;</subfield>
    <subfield code="c">22Cm (Hb)</subfield>
  </datafield>
  <datafield tag="942" ind1=" " ind2=" ">
    <subfield code="2">ddc</subfield>
    <subfield code="c">UR</subfield>
    <subfield code="h">615.4438</subfield>
    <subfield code="m">&#x6C1; &#x627; &#x634;</subfield>
  </datafield>
  <datafield tag="999" ind1=" " ind2=" ">
    <subfield code="c">87533</subfield>
    <subfield code="d">87533</subfield>
  </datafield>
</record>
